000 01119nam a22002177a 4500
005 2010080506496.0
010 _aHIN-90085
020 _a9788188286645
_c275.00
035 _aHN-62431
037 _bDBAD / PUB
082 _a581.4
100 _aभाटिया, सुदर्शन
_99233
245 _aप्राकृतिक पर्यावरण तथा मानव /
_cसुदर्शन भाटिया
246 _aPrakratik paryavaran tatha manav
_bby Sudarshan Bharia
260 _aदिल्ली
_bनार्थ इंडिया पब्लिशर्स एंड डिस्ट्रीब्यूटर्स
_c2010
270 _aफेस ई1/265, गली नं-17, सोनिया विहार
_bदिल्ली
_e110094
300 _a184पृ
_c22सेमी (सजिल्द)
700 _96534
942 _2ddc
_cHN
_mभाटिया
_h581.4
999 _c39383
_d39383